000 00989nam a22002897a 4500
001 175
003 FISKH
005 20250502091506.0
008 230301b cb ||||| |||| 00| 0 eng d
020 _a9780689815287
040 _aDLC
_cDLC
_dDLC
_dFISKH
_beng
050 0 0 _aPZ8.1.T7384
_bTh 1993
082 0 0 _a398.24/52
_220
100 1 _aTrivizas, Eugenios.
245 1 4 _aThe three little wolves and the big bad pig /
_cEugene Trivizas ; illustrated by Helen Oxenbury.
260 _aNew York :
_bScholastic,
_c1993.
300 _a30 unnumbered pages :
_bcolor illustrations ;
_c28 cm.
505 _aM
520 _aAn altered retelling of the traditional tale about the conflict between pig and wolf--with a surprise ending.
521 8 _a700
_bLexile
521 8 _aM
_bRaz-Plus
650 1 _aFolklore.
700 1 _aOxenbury, Helen,
_eillustrator
740 0 _a3 little wolves and the big bad pig.
906 _a7
_bcbc
_corignew
_d1
_eocip
_f19
_gy-gencatlg
942 _2ddc
_cBK
_n0
999 _c175
_d175